| 000 | 00464nam a2200169Ia 4500 | ||
|---|---|---|---|
| 008 | 210210b2005 xxu||||| |||| 00| 0 eng d | ||
| 020 | _a0 521 79965 1 | ||
| 082 | _a574.192028 WILP | ||
| 100 | _aWILSON (Keith) and WALKER (John). Ed. | ||
| 245 | _aPractical biochemistry. Ed.5. | ||
| 250 | _a | ||
| 260 |
_aNew York _bCambridge University Press _c2005 |
||
| 300 | _axviii,784 | ||
| 650 | _aBiochemistry Practical | ||
| 690 | _aBiochemistry | ||
| 906 | _a060805 | ||
| 999 |
_c107849 _d107849 |
||